1944 1955 1419 1608 1163 1791 1934 1797 1308 1784 1792 1605 1965 1447 1968 1282 1699 1380 1965 1554 1905 1945 1057 1900 1005 1249 1948 1900 1032 1898 1667 1912 1417 1484 1281 1509 1382 1023 1195 1806 1608 2000 1910 1468 1245 1942 1545 1277 1146 1343 1799 1612 1306 1621 1559 1703 1482 1722 1601 1333 1555 1757 1128 1061 1796 1701 1257 1775 1949 1064 1823 1674 1468 1697 1585 1915 1305 1240 1706 1708 1707 1094 1722 1527 1265 1178 1357 1393 1247 1895 1120 1973 1480 1858 1515 1687 1975 1185 1650 BCNSPRNW ULIB Ver.6.0+V

เปลี่ยนเป็นภาษาไทย

Change to English
 แสดงรายละเอียดบรรณานุกรม
  กลับหน้าหลัก

Brief Record : Get Marc (ISO 2709) : E-mail record : QR code < ปิดหน้าต่าง
LEADER : 00000nam 2200000uu 4500
001    13399123135
003     ULIB
008    140401s2556||||th 000 0 tha d
020    9786167115528
050  4 ^aBF637.S8^bอ598ด
100 0  ^aอาจอง ชุมสาย ณ อยุธยา
245 10 ^aด้วยรักบันดาล...นิทานสีขาว รวมนิทานสร้างสุข/^cเล่าเรื่องโดย อาจอง ชุมสาย ณ อยุธยา ;สุพัตรา แซ่ลิ่ม เรียบเรียง ;[บรรณาธิการ อิศวเรศ ตโมนุท]
260    ^aกรุงเทพฯ :^bฟรีมายด์,^c2556
300    ^a138หน้า :^bภาพประกอบ
650  4 ^aนิทานสอนใจ
650  4 ^aการดำเนินชีวิต
650  4 ^aความสำเร็จ
650  4 ^aนิทานคติธรรม
700 0  ^aสุพัตรา แซ่ลิ่ม
700 0  ^aอิศวเรศ ตโมนุท,^eบรรณาธิการ
945    ^p169^l0^i034399
999    ^aเกษร โพธิ์สุวรรณ
รายการนี้ยังไม่มีแท็ก
คุณยังไม่ได้ล็อกอิน คุณสามารถมีกิจกรรมร่วมกับเว็บไซต์ได้ แต่ต้องล็อกอินก่อน ::
  ล็อกอิน

รายการสื่อสารสนเทศ

ลำดับที่ ประเภท เลขเรียก/บาร์โค้ด สถานที่ สถานะ
1. การศึกษาทั่วไป
หนังสือสำรอง
สถานะ=หนังสือสำรอง
BF637.S8 อ598ด ฉ.1 
  Barcode: 034399
ห้องสมุดวิทยาเขตสวรรค์ประชารักษ์
►หนังสือทั่วไป
บนชั้น

รายการใกล้เคียง
    ผู้แต่ง [อาจอง ชุมสาย ณ อยุธยา]

    หัวเรื่อง [นิทานสอนใจ]
    หัวเรื่อง [การดำเนินชีวิต]
    หัวเรื่อง [ความสำเร็จ]
    หัวเรื่อง [นิทานคติธรรม]

BibComment


ยังไม่เคยถูกคอมเมนท์

คอมเมนท์ทรัพยากรรายการนี้
  คอมเมนท์: ด้วยรักบันดาลนิท..


 Copyright 2026. Bcnsprnw @Library